LIBRARY & INFORMATION CENTRE, KCAET, TAVANUR

ONLINE PUBLIC ACCESS CATALOGUE (OPAC)

Former organisation and irrigation management / (Record no. 7304)

MARC details
000 -LEADER
fixed length control field 00498cam a2200193ua 4500
041 ## - LANGUAGE CODE
Language code of text/sound track or separate title eng
082 ## - DEWEY DECIMAL CLASSIFICATION NUMBER
Classification number 631.587
Item number NIR/FA
100 ## - MAIN ENTRY--AUTHOR NAME
Personal name Verma, R K .
245 ## - TITLE STATEMENT
Title Former organisation and irrigation management /
250 ## - EDITION STATEMENT
Edition statement 1 /
260 ## - PUBLICATION, DISTRIBUTION, ETC. (IMPRINT)
Place of publication New Delhi :
Name of publisher Ashish Publishing House ,
Year of publication 1983.
300 ## - PHYSICAL DESCRIPTION
Number of Pages 105 ; .
700 1# - ADDED ENTRY--PERSONAL NAME
Personal name Niranjan Pant, .
942 ## - ADDED ENTRY ELEMENTS (KOHA)
Koha item type Books
Holdings
Withdrawn status Lost status Damaged status Home library Current library Date acquired Full call number Accession Number Koha item type
      KAUAET KAUAET 07/04/2012 631.587 15862 Books
free website counter